000
00318nam a22001337a 4500
008
171002b xxu||||| |||| 00| 0 eng d
020
_a
9780312443184
041
_a
eng
080
_2
3 ED
_a
37
100
_a
47
101
_a
EDU
245
_a
SPEAKERS GUIDEBOOK TEXT AND REFERNCE
_c
STEWART.R
942
_2
udc
_c
BK
999
_c
31093
_d
31093